000 00695nam a2200289Ia 4500
005 20260324111408.0
008 008 260324s9999 xx 000 0 eng d
020 _a9781003492580
037 _aEBOOK
040 _aCRL
040 _beng
040 _cCRL
041 _2eng
041 _aeng
084 _qCRL
100 _aMartin V. Clarke; Gareth Atkins
_91138387
245 0 _aAmazing Grace at 250
245 0 _bGlobal Heritage and Contested Legacies
260 _bTaylor and Francis
260 _c2025
365 _a
365 _b230
856 _uhttp://www.taylorfrancis.com/books/9781003492580
942 _cEBOOK
999 _c1727194
_d1727194